书目信息 |
| 题名: |
现代图书馆及数字资源利用
|
|
| 作者: | 方东权 , 王琼 编 | |
| 分册: | ||
| 出版信息: | 北京 中国书籍出版社 2013.1 |
|
| 页数: | 393页 | |
| 开本: | 26cm | |
| 丛书名: | 中国书籍文库 | |
| 单 册: | ||
| 中图分类: | G250.76 | |
| 科图分类: | ||
| 主题词: | 图书馆资源--中国 | |
| 电子资源: | ||
| ISBN: | 978-7-5068-2950-2 | |
| 000 | 01205oam2 2200265 45 | |
| 001 | 1359687577 | |
| 005 | 20130529084210.73 | |
| 010 | @a978-7-5068-2950-2@dCNY68.00 | |
| 100 | @a20130513d2013 ekmy0chiy0121 ea | |
| 101 | 0 | @achi |
| 102 | @aCN@b110000 | |
| 105 | @ay z 000yy | |
| 106 | @ar | |
| 200 | 1 | @a现代图书馆及数字资源利用@AXian Dai Tu Shu Guan Ji Shu Zi Zi Yuan Li Yong@f方东权,王琼编@FFang Dong Quan, Wang Qiong Bian |
| 210 | @a北京@c中国书籍出版社@d2013.1 | |
| 215 | @a393页@d26cm | |
| 225 | 2 | @a中国书籍文库 |
| 330 | @a图书馆已经历了传统时代—科学时代—信息时代三个历程,当前正进入数字时代。数字时代的图书馆就是针对特定用户和用户群的信息需求而动态发展起来的信息设施、管理、人文、技术、服务等要素整合而成的统一体。本书以数字时代图书馆雏形模式为基础,以读者信息需求为出发点,以信息资源建设为主要内容,以服务为主线,系统地探讨了数字时代图书馆的建设、运作、社会需求、管理、技术、服务、问题等理论和实践,并对数字时代图书馆未来作了分析与预测。 | |
| 461 | 0 | @12001 @a中国书籍文库 |
| 606 | 0 | @a图书馆资源@y中国 |
| 690 | @aG250.76@v5 | |
| 701 | 0 | @a方东权@AFang Dong Quan@4编 |
| 701 | 0 | @a王琼@AWang Qiong@4编 |
| 801 | @aCN@bTANGWEI@c20130522 | |
| 905 | @b0833166-71@dG250.76@e138@f6 | |
| 现代图书馆及数字资源利用/方东权,王琼编.-北京:中国书籍出版社,2013.1 |
| 393页;26cm.-(中国书籍文库) |
| ISBN 978-7-5068-2950-2:CNY68.00 |
| 图书馆已经历了传统时代—科学时代—信息时代三个历程,当前正进入数字时代。数字时代的图书馆就是针对特定用户和用户群的信息需求而动态发展起来的信息设施、管理、人文、技术、服务等要素整合而成的统一体。本书以数字时代图书馆雏形模式为基础,以读者信息需求为出发点,以信息资源建设为主要内容,以服务为主线,系统地探讨了数字时代图书馆的建设、运作、社会需求、管理、技术、服务、问题等理论和实践,并对数字时代图书馆未来作了分析与预测。 |
| ● |
| 相关链接 |
|
|
|
|
正题名:现代图书馆及数字资源利用
索取号:G250.76/138
 
预约/预借
| 序号 | 登录号 | 条形码 | 馆藏地/架位号 | 状态 | 备注 |
| 1 | 0833166 | 208331660 | 第一样本阅览室/ [索取号:G250.76/138] | 在馆 | |
| 2 | 0833167 | 208331679 | 第四借阅区/ [索取号:G250.76/138] | 在馆 | |
| 3 | 0833168 | 208331688 | 第四借阅区/ [索取号:G250.76/138] | 在馆 | |
| 4 | 0833169 | 208331697 | 第四借阅区/ [索取号:G250.76/138] | 在馆 | |
| 5 | 0833170 | 208331704 | 第四借阅区/ [索取号:G250.76/138] | 在馆 | |
| 6 | 0833171 | 208331713 | 第四借阅区/ [索取号:G250.76/138] | 在馆 |